PNL Onizuka - Statistiques

Statistiques générales
  • Ce quiz a été pris 800 fois
  • Le résultat moyen est 181 sur 318
Statistiques - réponses
Hint Réponse % Correct
le
97%
Le
97%
de
92%
je
91%
me
91%
ronds
90%
les
89%
du
88%
on
88%
à
87%
a
87%
jfais j'fais
86%
la
85%
85%
La
85%
qui
85%
gronde
84%
pas
84%
Pas
84%
rapproche
84%
ciel
82%
juste
81%
des
80%
j'entends
80%
plus
80%
Onizuka
79%
onizuka
79%
ne
78%
sommet
78%
QLF
77%
vie
77%
cherche
76%
j'voulais
76%
est
75%
il
75%
ou
75%
mer
74%
mon
72%
bonne
71%
niquer
71%
leur
70%
cul
68%
cul,
68%
mère
68%
zut
68%
vendent
67%
ils
66%
Ils
66%
j'ai
63%
un
63%
cette
61%
grailler
61%
d'alliés
60%
au
59%
ces
59%
mais
58%
Mais
58%
sans
58%
guerre
57%
Ouh
56%
faire
55%
monde
55%
ville
52%
y
52%
frère
51%
soir
51%
vraiment
51%
apercevoir
50%
cru
49%
eh
49%
peu
49%
que
48%
Y'a
48%
y'a
48%
aimé
47%
destin
47%
gosse
47%
jamais
47%
Ouais ,
47%
ouais
47%
matin
46%
pense
46%
demain
45%
n'a
45%
t'es
45%
billets
44%
Elle
44%
j'aimerais
44%
longueurs
44%
putains
44%
fais
43%
s'est
43%
t'ai
43%
coeur
42%
tu
42%
comme
41%
Comme
41%
Hella
41%
hella
41%
parle
41%
tour
41%
c'est
40%
Gratte
40%
prince
40%
quittés
40%
bâtiment
39%
l'amitié
39%
sait
39%
Toi
39%
gros
38%
street
38%
balles
37%
laquelle
37%
météo
37%
pleut
37%
qu'avant
37%
Rien
37%
changé
36%
n'imagine
36%
P'tit
36%
Bellek
35%
bellek
35%
beurre
35%
GTO
35%
peur
35%
quand
35%
j'recompte
34%
remporter
34%
heja
33%
J'm'écarte
33%
nous
33%
Yakuza
33%
d'aider
31%
J'viens
31%
Moi
30%
fou
29%
l'con
29%
Son
29%
chelou,
28%
cou
28%
cran
28%
douze
28%
man
28%
part
28%
vent
28%
charme
27%
entre
27%
j'parle
27%
kil'
27%
zumba
27%
m'aider
26%
relou,
26%
boule
25%
l'frère
25%
tel-ho
25%
d'étoiles
24%
l'flow
24%
J'vois
23%
loups
23%
taro
23%
direction
22%
J-LO
22%
j'm'habille
22%
oublié
22%
scié
22%
krr
19%
s'cassent
19%
s'il
19%
solitaires
19%
hein
11%
(ouh Onizuka) (ouh Onizuka)
10%
Mhh
9%
d'cran
8%
Aucun quiz correspondant
Distribution des résultats
% des personnes avec chaque résultat
Percentile par nombre de réponses
Votre historique - résultats
Vous n’avez pas pris ce quiz